000 00553nam a2200145 4500
008 150904b xxu||||| |||| 00| 0 eng d
020 _a1550173243
050 _aFC 3845 .I5U67 2004
100 _aUpton, Joe.
_d2004.
245 _aThe Coastal companion:
_bA guide to the inside passage including Puget sound, BC and Alaska.
_cJoe Upton.
260 _aUSA;
_bHarbour publishing,
_c2004.
300 _a218 p. : ill.
_bIncludes bibliographical references and index.
650 _aInside passage.
942 _2lcc
_cBOOKS
_hFC 3845 .I5U67 2004
999 _c4677
_d4677